000
00256nam a2200097Ia 4500
001
684536
005
20250826161459.0
008
250824s9999 xx 000 0 und d
245
0
_a
Bütün Şiirleri / Ahmet Haşim
_c
Ahmet Haşim
260
_b
Dergah Yayınları
999
_c
684536
_d
684536